| 000 | 02961nam0a22003491 4500 | ||
|---|---|---|---|
| 001 | rc\4523231 | ||
| 005 | 20250612110021.0 | ||
| 010 |
_bВ пер. _d6 р. 90 к. _990000 |
||
| 021 |
_aRU _b[60-52584] |
||
| 035 | _a(NLR Aleph) 008626298 | ||
| 090 |
_a8854811 _c8854811 |
||
| 100 | _a20130416d1960 |||y0rusy50 ca | ||
| 101 | 0 | _arus | |
| 102 | _aRU | ||
| 105 | _aac z |||cc | ||
| 200 | 1 | _aПолководцы гражданской войны | |
| 210 |
_aМосква _cМолодая гвардия _d1960 |
||
| 215 |
_a351 с., 6 л. ил. _cпортр. _d21 |
||
| 225 | 1 |
_aЖизнь замечательных людей _eсерия биографий _eоснована в 1933 г. М. Горьким _vвып. 11 [301] |
|
| 300 | _aСерия указана на общем тит.л. | ||
| 327 | 0 | _aОчерки о М. Фрунзе, С. Каменеве, А. Егорове, В. Блюхере, Я. Фабрициусе, С. Вострецове, Г. Котовском, Е. Ковтюхе, В. Киквидзе, Н. Щорсе, В. Азине, О. Городовикове, Р. Сиверсе | |
| 464 | 0 |
_1702#1$aФрунзе$bМ. В.$cреволюц., гос. и воен. деятель$f1885-1925$gМихаил Васильевич$3RU\NLR\AUTH\770182466$4570 _1702#1$3RU\NLR\AUTH\77118161$7ca$aКаменев$bС. С.$f1881-1936$gСергей Сергеевич$4570 _1702#1$3RU\NLR\AUTH\77120945$aЕгоров$bА. И.$cреволюц. деятель$f1883-1939$gАлександр Ильич$4570 _1702#1$3RU\NLR\AUTH\7772896$7ca$aБлюхер$bВ. К.$f1890-1938$gВасилий Константинович$4570 _1702#1$aФабрициус$bЯ. Ф.$f1877-1929$gЯн Фрицевич$4570 _1702#1$aВострецов$bС. С.$f1883-1932$gСтепан Сергеевич$4570 _1702#1$3RU\NLR\AUTH\773206$7ca$aКотовский$bГ. И.$f1881-1925$gГригорий Иванович$4570 _1702#1$aКовтюх$bЕ. И.$f1890-1938$gЕпифан Иович$4570 _1702#1$aКиквидзе$bВ. И.$f1894-1919$4570 _1702#1$aЩорс$bН. А.$f1895-1919$gНиколай Александрович$cреволюц. и воен. деятель$3RU\NLR\AUTH\770210125$4570 _1702#1$aАзин$bВ. М.$f1895-1920$gВладимир Мартынович$4570 _1702#1$aГородовиков$bО. И.$f1879-1960$gОка Иванович$4570 _1702#1$aСиверс$bР. Ф.$f1892-1918$gРудольф Фердинандович$4570 |
|
| 606 | 1 |
_aГражданская война и интервенция в СССР _jСборники _xГерои и героизм _z1918 - 1920 _9936733 _3RU\NLR\AUTH\6627265 |
|
| 606 | 1 |
_aПолководцы Советской Армии _jСборники _9892442 _3RU\NLR\AUTH\66323052 |
|
| 686 | 0 |
_aЦ35(2)712-424д _2rubbk |
|
| 801 | 0 |
_aRU _bNLR _c20130416 _gpsbo |
|
| 801 | 1 |
_aRU _bELAR _c20130416 _2rusmarc |
|
| 801 | 2 |
_aRU _bNLR _c20150717 _2rusmarc |
|
| 852 |
_aNLR _j60-3/3638 |
||
| 942 | _cBOOK | ||
| 980 | _aNB | ||